| 000 | 00000nam 2200000za 4500 |
| 001 | 9.838003 |
| 003 | CaOODSP |
| 005 | 20250403105931 |
| 007 | cr ||||||||||| |
| 008 | 170608s1984 onc #os f00| 0 fre d |
| 040 | |aCaOODSP|bfre |
| 041 | |aeng|afre |
| 043 | |an-cn--- |
| 086 | 1 |aCS93-950/1981-PDF |
| 086 | 1 |aCS93-959/1981-PDF |
| 086 | 1 |aCS93-960/1981-PDF |
| 245 | 00|a1981 Census of Canada |h[ressource électronique] : |bvolume 2 - provincial series : population, income = Recensement du Canada de 1981 : volume 2 - série provinciale : population, revenu. |
| 246 | 11|aRecensement du Canada de 1981 : |bvolume 2 - série provinciale : population, revenu |
| 260 | |aOttawa : |bStatistics Canada = Statistique Canada, |c1984. |
| 300 | |a3 v. |
| 500 | |aÉdition numérisée de l’imprimé [par Statistique Canada]. |
| 500 | |aNombreux tableaux. |
| 500 | |aTitre de la couv. |
| 505 | 0 |a93-950. Île-du-Prince-Édouard -- 93-959. Yukon -- 93-960. Territoires du Nord-Ouest. |
| 546 | |aTexte en anglais et en français. |
| 692 | 07|2gccst|aRecensement |
| 692 | 07|2gccst|aPopulation |
| 692 | 07|2gccst|aRevenu |
| 710 | 2 |aStatistique Canada. |
| 791 | |t1981 Census of Canada |eeng|w(CaOODSP)9.838002 |
| 856 | 40|qPDF|s1.09 Mo|uhttps://publications.gc.ca/collections/collection_2017/statcan/CS93-950-1981.pdf|zÎle-du-Prince-Edouard |
| 856 | 40|qPDF|s915 Ko|uhttps://publications.gc.ca/collections/collection_2017/statcan/CS93-959-1981.pdf|zYukon |
| 856 | 40|qPDF|s990 Ko|uhttps://publications.gc.ca/collections/collection_2017/statcan/CS93-960-1981.pdf|zTerritoires du Nord-Ouest |